Tupac Amaru: un rebelde con causa
Guardat en:
| Autor principal: | |
|---|---|
| Format: | Text |
| Publicat: |
Heredia:
UNA. Instituo de Estudios LAtinoamericanos
|
| Etiquetes: |
Afegir etiqueta
Sense etiquetes, Sigues el primer a etiquetar aquest registre!
|
MARC
| LEADER | 00000 a a2200000 04500 | ||
|---|---|---|---|
| 001 | 15752 | ||
| 003 | |||
| 040 | |||
| 090 | |a 014800 | ||
| 100 | |a Cejudo Velásquez, Pablo | ||
| 245 | |a Tupac Amaru: un rebelde con causa | ||
| 260 | |a Heredia: |b UNA. Instituo de Estudios LAtinoamericanos | ||
| 300 | |a 56 p. | ||
| 999 | |c 14118 |d 14118 | ||
